<?xml version="1.0" encoding="UTF-8"?>
<record
    xmlns:xsi="http://www.w3.org/2001/XMLSchema-instance"
    xsi:schemaLocation="http://www.loc.gov/MARC21/slim http://www.loc.gov/standards/marcxml/schema/MARC21slim.xsd"
    xmlns="http://www.loc.gov/MARC21/slim">

  <leader>00791nam a22001817a 4500</leader>
  <controlfield tag="005">20241010103841.0</controlfield>
  <controlfield tag="008">221122b           ||||| |||| 00| 0 eng d</controlfield>
  <datafield tag="040" ind1=" " ind2=" ">
    <subfield code="c">AL</subfield>
  </datafield>
  <datafield tag="041" ind1=" " ind2=" ">
    <subfield code="a">Hindi</subfield>
  </datafield>
  <datafield tag="082" ind1=" " ind2=" ">
    <subfield code="2">23</subfield>
    <subfield code="a">H891.4</subfield>
    <subfield code="b">FERK</subfield>
  </datafield>
  <datafield tag="100" ind1=" " ind2=" ">
    <subfield code="a">George Fernandes    </subfield>
    <subfield code="9">182044</subfield>
  </datafield>
  <datafield tag="100" ind1=" " ind2=" ">
    <subfield code="9">63057</subfield>
    <subfield code="d">&#x91C;&#x949;&#x930;&#x94D;&#x91C;  &#x92B;&#x930;&#x94D;&#x928;&#x93E;&#x902;&#x921;&#x947;&#x938; </subfield>
  </datafield>
  <datafield tag="245" ind1=" " ind2=" ">
    <subfield code="a">Cricket Pathra Svathantratha  Muslman Band Jamin Chori Aur Bal Takare   </subfield>
    <subfield code="b">&#x915;&#x94D;&#x930;&#x93F;&#x915;&#x947;&#x91F; &#x92A;&#x924;&#x94D;&#x930; &#x938;&#x94D;&#x935;&#x924;&#x902;&#x924;&#x94D;&#x930;&#x924;&#x93E;  &#x92E;&#x941;&#x938;&#x932;&#x92E;&#x93E;&#x928; &#x92C;&#x902;&#x926; &#x91C;&#x93C;&#x92E;&#x940;&#x928;  &#x91A;&#x94B;&#x930;&#x940; &#x914;&#x930; &#x92C;&#x93E;&#x932; &#x920;&#x93E;&#x915;&#x930;&#x947;</subfield>
  </datafield>
  <datafield tag="260" ind1=" " ind2=" ">
    <subfield code="a">Mumbai</subfield>
    <subfield code="b">Hind Mazdoor Kisan Panchayat </subfield>
    <subfield code="c">1991</subfield>
  </datafield>
  <datafield tag="300" ind1=" " ind2=" ">
    <subfield code="a">11 p.</subfield>
    <subfield code="b">PB</subfield>
    <subfield code="c">21.7x14 cm.</subfield>
  </datafield>
  <datafield tag="700" ind1=" " ind2=" ">
    <subfield code="a">FERNANDES (George) &#x92B;&#x930;&#x94D;&#x928;&#x93E;&#x902;&#x921;&#x947;&#x938; (&#x91C;&#x949;&#x930;&#x94D;&#x91C; )</subfield>
    <subfield code="9">63058</subfield>
  </datafield>
  <datafield tag="942" ind1=" " ind2=" ">
    <subfield code="2">ddc</subfield>
    <subfield code="c">GF</subfield>
  </datafield>
  <datafield tag="999" ind1=" " ind2=" ">
    <subfield code="c">225257</subfield>
    <subfield code="d">225257</subfield>
  </datafield>
  <datafield tag="952" ind1=" " ind2=" ">
    <subfield code="0">0</subfield>
    <subfield code="1">0</subfield>
    <subfield code="2">ddc</subfield>
    <subfield code="4">0</subfield>
    <subfield code="7">0</subfield>
    <subfield code="8">HIN</subfield>
    <subfield code="a">AL</subfield>
    <subfield code="b">AL</subfield>
    <subfield code="d">2013-03-23</subfield>
    <subfield code="l">0</subfield>
    <subfield code="o">H891.4 FERK</subfield>
    <subfield code="p">GF02474</subfield>
    <subfield code="r">2022-11-22 00:00:00</subfield>
    <subfield code="w">2022-11-22</subfield>
    <subfield code="y">GF</subfield>
  </datafield>
  <datafield tag="952" ind1=" " ind2=" ">
    <subfield code="0">0</subfield>
    <subfield code="1">0</subfield>
    <subfield code="2">ddc</subfield>
    <subfield code="4">0</subfield>
    <subfield code="7">0</subfield>
    <subfield code="8">HIN</subfield>
    <subfield code="a">AL</subfield>
    <subfield code="b">AL</subfield>
    <subfield code="d">2013-03-23</subfield>
    <subfield code="l">0</subfield>
    <subfield code="o">H891.4 FERK</subfield>
    <subfield code="p">GF02475</subfield>
    <subfield code="r">2022-11-22 00:00:00</subfield>
    <subfield code="w">2022-11-22</subfield>
    <subfield code="y">GF</subfield>
  </datafield>
  <datafield tag="952" ind1=" " ind2=" ">
    <subfield code="0">0</subfield>
    <subfield code="1">0</subfield>
    <subfield code="2">ddc</subfield>
    <subfield code="4">0</subfield>
    <subfield code="7">0</subfield>
    <subfield code="8">HIN</subfield>
    <subfield code="a">AL</subfield>
    <subfield code="b">AL</subfield>
    <subfield code="d">2013-03-23</subfield>
    <subfield code="l">0</subfield>
    <subfield code="o">H891.4 FERK</subfield>
    <subfield code="p">GF02476</subfield>
    <subfield code="r">2022-11-22 00:00:00</subfield>
    <subfield code="w">2022-11-22</subfield>
    <subfield code="y">GF</subfield>
  </datafield>
  <datafield tag="952" ind1=" " ind2=" ">
    <subfield code="0">0</subfield>
    <subfield code="1">0</subfield>
    <subfield code="2">ddc</subfield>
    <subfield code="4">0</subfield>
    <subfield code="7">0</subfield>
    <subfield code="8">HIN</subfield>
    <subfield code="a">AL</subfield>
    <subfield code="b">AL</subfield>
    <subfield code="d">2013-03-23</subfield>
    <subfield code="l">0</subfield>
    <subfield code="o">H891.4 FERK</subfield>
    <subfield code="p">GF02477</subfield>
    <subfield code="r">2022-11-22 00:00:00</subfield>
    <subfield code="w">2022-11-22</subfield>
    <subfield code="y">GF</subfield>
  </datafield>
  <datafield tag="952" ind1=" " ind2=" ">
    <subfield code="0">0</subfield>
    <subfield code="1">0</subfield>
    <subfield code="2">ddc</subfield>
    <subfield code="4">0</subfield>
    <subfield code="7">0</subfield>
    <subfield code="8">HIN</subfield>
    <subfield code="a">AL</subfield>
    <subfield code="b">AL</subfield>
    <subfield code="d">2013-03-23</subfield>
    <subfield code="l">0</subfield>
    <subfield code="o">H891.4 FERK</subfield>
    <subfield code="p">GF02478</subfield>
    <subfield code="r">2022-11-22 00:00:00</subfield>
    <subfield code="w">2022-11-22</subfield>
    <subfield code="y">GF</subfield>
  </datafield>
</record>
